Loading...
Fine Arts - Other Arts | 0 | 3 | 0 | 0 | 30 | 122 | 139.67 | 0 | 1 |
History - European History | 0 | 3 | 2 | 0 | 20 | 135 | 142.67 | 0 | 0 |
Fine Arts - Painting and Sculpture | 0 | 2 | 1 | 2 | 15 | 150 | 153.00 | 0 | 0 |
Social Science | 0 | 1 | 0 | 0 | 10 | 112 | 112.00 | 0 | 0 |
History - Other History | 0 | 2 | 2 | 0 | 10 | 102 | 122.00 | 1 | 1 |
Literature - European Literature | 0 | 1 | 0 | 0 | 10 | 143 | 143.00 | 0 | 0 |
Science - Biology | 0 | 1 | 0 | 0 | 10 | 124 | 124.00 | 0 | 1 |
Religion | 0 | 1 | 1 | 0 | 5 | 145 | 145.00 | 0 | 0 |
Philosophy | 0 | 1 | 1 | 0 | 5 | 146 | 146.00 | 0 | 0 |
History - World History | 0 | 0 | 0 | 0 | 0 | 0.00 | 0 | 0 | |
Science - Physics | 0 | 0 | 0 | 0 | 0 | 0.00 | 0 | 0 | |
Fine Arts - Classical Music and Opera | 0 | 0 | 0 | 0 | 0 | 0.00 | 0 | 0 | |
Literature - American Literature | 0 | 0 | 0 | 0 | 0 | 0.00 | 0 | 0 | |
Mythology | 0 | 0 | 1 | 0 | -5 | 0.00 | 0 | 0 | |
Science - Chemistry | 0 | 0 | 1 | 0 | -5 | 0.00 | 0 | 0 | |
History - American History | 0 | 0 | 1 | 0 | -5 | 0.00 | 0 | 0 | |
Other Academic | 0 | 0 | 1 | 0 | -5 | 0.00 | 0 | 0 | |
Other Science (Math) | 0 | 0 | 1 | 0 | -5 | 0.00 | 0 | 0 | |
Literature - British Literature | 0 | 0 | 2 | 0 | -10 | 0.00 | 0 | 0 |